Catálogo

Cartas a Clara / (Registro nro. 67892)

Detalles MARC
000 -LEADER
fixed length control field 01192cam a2200325 i 4500
001 - CONTROL NUMBER
control field 67892
003 - CONTROL NUMBER IDENTIFIER
control field Mx-PuUPA
005 - DATE AND TIME OF LATEST TRANSACTION
control field 20250918102825.0
008 - FIXED-LENGTH DATA ELEMENTS--GENERAL INFORMATION
fixed length control field 181001s2012 mx o|||gr|||| 00| i spa d
020 ## - INTERNATIONAL STANDARD BOOK NUMBER
International Standard Book Number 9786077515951
040 ## - CATALOGING SOURCE
Original cataloging agency Mx-PuUPA
Language of cataloging spa
Transcribing agency Mx-PuUPA
Modifying agency Mx-PuUPA
Description conventions rda
041 0# - LANGUAGE CODE
Language code of text/sound track or separate title spa
100 1# - MAIN ENTRY--PERSONAL NAME
Personal name Rulfo, Juan,
Dates associated with a name 1917-1986
Relator term autor
9 (RLIN) 467
245 10 - TITLE STATEMENT
Title Cartas a Clara /
Remainder of title Juan Rulfo ; prólogo, edición y notas de Alberto Vital
264 #4 - PRODUCTION, PUBLICATION, DISTRIBUTION, MANUFACTURE, AND COPYRIGHT NOTICE
Place of production, publication, distribution, manufacture México, Distrito Federal :
Name of producer, publisher, distributor, manufacturer Editorial RM : Fundación Juan Rulfo,
Date of production, publication, distribution, manufacture, or copyright notice ©2012
300 ## - PHYSICAL DESCRIPTION
Extent 331 páginas :
Other physical details fotografías (en blanco y negro) ;
Dimensions 21 cm
336 ## - CONTENT TYPE
Fuente rdacontent
Content type term texto
Content type code txt
337 ## - MEDIA TYPE
Source rdamedia
Media type term sin medio
Media type code n
338 ## - CARRIER TYPE
Source rdacarrier
Carrier type term volumen
Carrier type code nc
490 0# - SERIES STATEMENT
Series statement Colección Edmundo Villa de la Mora
500 ## - GENERAL NOTE
General note Reimpresiones: (2a., abril de 2017).
600 14 - SUBJECT ADDED ENTRY--PERSONAL NAME
Personal name Rulfo, Juan,
Dates associated with a name 1917-1986
General subdivision Correspondencia, memorias, etc.
650 #7 - SUBJECT ADDED ENTRY--TOPICAL TERM
Source of heading or term armarc
Topical term or geographic name entry element Cartas mexicanas
700 1# - ADDED ENTRY--PERSONAL NAME
Personal name Vital, Alberto,
Relator term prologuista
942 ## - ADDED ENTRY ELEMENTS (KOHA)
Source of classification or shelving scheme Dewey Decimal Classification
Koha item type Libro
Classification part 866
Item part R35
Existencias
Withdrawn status Lost status Source of classification or shelving scheme Damaged status Not for loan Collection code Home library Current library Shelving location Date acquired Source of acquisition Cost, normal purchase price Total Checkouts Total Renewals Full call number Barcode Date last seen Date last checked out Cost, replacement price Price effective from Koha item type Copy number
    Dewey Decimal Classification     General Biblioteca Karol Wojtyla Biblioteca Karol Wojtyla Sala general 05/08/2021 1 255.00 9 2 866 R35 2012 99332 05/01/2026 18/09/2024 225.00 05/08/2021 Libro  
    Dewey Decimal Classification     General Biblioteca Karol Wojtyla Biblioteca Karol Wojtyla Sala general 27/09/2018 compra   16 2 866 R35 2012 99333 04/05/2026 20/04/2026   27/09/2018 Libro Ej.2